Migos Quiz - Statistics

General Stats
  • This quiz has been taken 939 times
  • The average score is 9 of 15
Answer Stats
Questions Your Answer % Correct
Name the 1st Member Quavo
100%
Name the 2nd Member Offset
99%
Name the 3rd Member Takeoff
98%
Name the Migos' Newest Album Culture
90%
Which number member is considered the "Leader" 1
73%
Which number member is considered the "Thug" 2
73%
Which number member is considered the "Young Star" 3
73%
What was Migos' first big hit? Versace
60%
What is Offset's favorite clothier? Gucci
59%
Who does the Migos most commonly feature? Drake
39%
What record label did the Migos sign with? QC (Quality Control)
39%
Who do the Migos consider the best rapper of all time Gucci Mane
38%
Who has produced the most Migos hits? Metro Boomin'
34%
Where are the Migos from? Atlanta, Georgia
19%
What TV show was the Migos featured on first Jimmy Kimmel
7%
No matching quizzes found
Score Distribution
Percent of People with Each Score
Percentile by Number Answered
Your Score History
You have not taken this quiz